| 000 | 00411nam a22001697a 4500 | ||
|---|---|---|---|
| 003 | CEME | ||
| 005 | 20210628203522.0 | ||
| 008 | 210316b xxu||||| |||| 00| 0 eng d | ||
| 020 | _a0-930403-56-8 | ||
| 040 | _c. | ||
| 082 | _a629.1 TES'E | ||
| 100 |
_aEichblatt, Emil J _965968 |
||
| 245 | _aTest and evalution of the tactical missile | ||
| 260 |
_aUSA _bAIAA _c1989 |
||
| 300 | _aX,415P | ||
| 942 |
_cBK _2ddc |
||
| 999 |
_c574031 _d574031 |
||